Stati per valore delle esportazioni - Statistics

Statistiche generali
  • Questo quiz è stato fatto 45 volte
    21 dall'ultimo reset
  • Il punteggio medio è 16 su 20
Statistiche sulle risposte
Export in milioni di US$ Continente Stato % Corretto
569 257 America del Nord Canada
100%
3 380 024 Asia Cina
100%
648 481 Europa Francia
100%
1 688 419 Europa Germania
100%
717 315 Asia Giappone
100%
676 963 Europa Italia
100%
593 012 America del Nord Messico
100%
520 691 Europa Regno Unito
100%
423 221 Europa Spagna
100%
2 019 542 America del Nord Stati Uniti
100%
423 915 Asia / Europa Russia
95%
432 001 Asia India
90%
632 226 Asia Corea del Sud
86%
934 568 Europa Paesi Bassi
86%
562 439 Europa Belgio
76%
420 170 Europa Svizzera
76%
381 517 Europa Polonia
67%
487 778 Asia Emirati Arabi Uniti
38%
476 252 Asia Singapore
19%
573 871 Asia Hong Kong
10%
Nessun quiz corrispondente trovato
Distribuzione punteggi
Percentuale di utenti per punteggio
Percentile per numero di risposta
I tuoi punteggi nel tempo
Non hai fatto questo quiz dall'ultimo reset